000 00893nam a2200289Ia 4500
003 OSt
005 20221006153819.0
006 a|||||r|||| 00| 0
007 ta
008 221006b |||||||| |||| 00| 0 eng d
024 _a33,458
037 _cDissertations
040 _aEASL
_cEASL
_beng
041 _2eng
_aeng
082 _a0000137, AVE
100 _aAveivey D.
_9665516
110 _aUniversity of Delhi. Social Sciences. East Asian Studies (Delhi India)
_9665517
245 0 _aEmpowering women through education in the case of China Dr. Ravni Thakur
260 _c2007
300 _a101p.
_ccm.
490 _v Dis
650 _a Diss
650 _aChina - Education
_9665518
700 _aUniversity of Delhi. Social Sciences. East Asian Studies (Delhi India)
_9665519
942 _h0000137, AVE
_cDIS
_2CC
999 _c1101544
_d1101544